Spell the Marvel Character #232 - Statistics

General Stats
  • This quiz has been taken 11 times
  • The average score is 4 of 5
Answer Stats
Picture Answer % Correct
Invisible Woman
100%
Luna Snow
80%
Veil
80%
Viv Vision
80%
Energizer
70%
No matching quizzes found
Score Distribution
Percent of People with Each Score
Percentile by Number Answered
Your Score History
You have not taken this quiz